|
|
|
|
| LEADER |
01033nam a2200265 a 4500 |
| 001 |
3023065 |
| 008 |
090527r19981993si a b 000 0 eng d |
| 010 |
|
|
|a 94168687
|
| 020 |
|
|
|a 9810216599
|
| 020 |
|
|
|a 9810236832
|
| 040 |
|
|
|a CU-S
|c CU-S
|d DLC
|
| 082 |
0 |
0 |
|a 530.4/11
|2 20
|
| 245 |
0 |
0 |
|a Quantum monte carlo methods in condensed matter physics /
|c editor, M. Suzuki.
|
| 260 |
|
|
|a Singapore ;
|a River Edge, NJ :
|b World Scientific,
|c c1993[reprinted 1998].
|
| 300 |
|
|
|a v, 368 pages :
|b illustrations ;
|c 23 cm.
|
| 504 |
|
|
|a Includes bibliographical references.
|
| 541 |
1 |
|
|e 00014655
|
| 650 |
|
0 |
|a Monte Carlo method.
|9 59589
|
| 650 |
|
0 |
|a Quantum theory.
|
| 650 |
|
0 |
|a Condensed matter.
|9 2904
|
| 700 |
1 |
|
|a Suzuki, M.
|q (Masuo),
|d 1937-
|9 59590
|
| 852 |
4 |
|
|a Ayesha Abed Library
|j General Shelf.
|
| 942 |
|
|
|2 ddc
|c BK
|
| 999 |
|
|
|c 1080
|d 1080
|
| 952 |
|
|
|0 0
|1 0
|2 ddc
|4 0
|6 530_411000000000000_SUZ
|7 0
|9 976
|a BRACUL
|b BRACUL
|c GEN
|d 2009-06-24
|g 0.00
|l 0
|o 530.411 SUZ
|p 3010014655
|r 2009-06-24
|t 1
|w 2009-06-24
|y BK
|x No price found in the accession register.
|